00731nam a2200241 a 4500001001300000003000900013005001700022008004100039020001000080082001500090100001900105245007500124260003400199300000900233500003500242505001000277650004000287700001900327902000800346942000700354952011500361999001300476nice12345678IN_TiNIC20260116011307.0050524s1965 boma grp 000 0 eng  ac10000a291.7bFUC aFuchs, Stephen aRebellious Prophetsb Study of Messianic Movements in Indian Religions aBombaybAsia Pub. Housec1965 a304p aincludes index and biblioraphy2 aindex aComparative Religion-Messianic Move1 aFuchs, Stephen bSRS cBK 001040708StackRoom-aHMIbHMId2007-07-24g100.00l0o291.7 FUCp03686r2007-07-24v100.00w2005-05-24yBK c245d245